000
00206nam a22000857a 4500
008
161207b xxu||||| |||| 00| 0 eng d
100
_9
1943
_a
Siddiqi.N.
245
_a
My Evs Book
260
_a
New Delhi
_b
N.P.
_c
2011
999
_c
4723
_d
4723